000 00315nam a22001337a 4500
008 210527b ||||| |||| 00| 0 eng d
041 _aeng
080 _a371
082 _a371
100 _a46
101 _aEDU
245 _aThe an Associated Press Guide to Good News Writing Word
_cCappon,R.J
942 _2udc
_cBK
999 _c57681
_d57681